000 01207 a2200253 4500
005 20080904141438.0
008 080904t xxu||||| |||| 00| 0 hin d
010 _aHIN-79897
020 _a9788126713394
_c150.00
035 _aHN-52243
037 _bD.B.Act / pub
082 _a
100 _aपैसोआ, फरनान्दो
245 _aएक बैचेन का रोज़नामचा
_cफरनान्दो पैसोआ; अनुवादक शरद चन्द्रा
246 _aEk Bechain ka Roznamcha
_bby Fermando Pessoa
260 _aनई दिल्ली
_bराजकमल प्रकाशन
_c2007
270 _a1-बी, नेताजी सुभाष मार्ग
_bनई दिल्ली
_e110002
300 _a128पृ
_c22 सेमी (सजिल्द)
650 _aहिन्दी उपन्यास
650 _aHindi Novel
700 _aचन्द्रा, शरद
942 _adpl
_cHN
_kउ / पैसोआ
_2ddc
_h
_mपैसोआ
999 _c4094
_d4094